00730nam a2200205 i 450000500170000000800410001702000390005804000250009708200220012224501280014425000190027226400640029130000230035533600210037833700250039933800230042465000260044765000190047370000320049220221122095517.0221122s2022 my g 000 j may d a9789672635321cRM 28.00qpaperback aPPAKbengcPPAKerda04a899.23301080322300aJanji Itu PASTI :bAntologi Cerpen bersama Novelis Hasreeyati Ramli.nEdisi Nov 2021 /cDISELENGGARA OLEH: HASREEYATI RAMLI aEdisi Nov 2021 1aSungai Petani, Kedah :bHASREEYATI RAMLI RESOURCES ,c2022. a258 pages ;c18 cm atext2rdacontent aunmediated2rdamedia avolume2rdacarrier10aShort stories, Malay.20aMalay fiction.0 aHasreeyati Ramli, eeditor.